| 000 | 00349cam a2200145ua 4500 | ||
|---|---|---|---|
| 041 |
_amal _h |
||
| 082 |
_a894.8122 _bNAG/SA |
||
| 100 | _aNagavallil, . | ||
| 245 |
_aShava petti / _cNagavallil. _hTextual Documents |
||
| 260 |
_aChampakulam : _bB.K.M Book Depot , _c1966. |
||
| 300 | _a56 ; . | ||
| 504 | _a | ||
| 942 | _cBK | ||
| 999 |
_c6256 _d6256 |
||